[Event "Sarajevo Bosnia 31st"]
[Site "Sarajevo"]
[Date "2001.05.16"]
[Round "4"]
[White "Atalik, Suat"]
[Black "Sokolov, Ivan"]
[Result "0-1"]
[WhiteElo "2537"]
[BlackElo "2659"]
[Annotator "Huebner,R"]
[PlyCount "91"]
[EventDate "2001.05.13"]
[EventType "tourn"]
[EventRounds "9"]
[EventCountry "BIH"]
[EventCategory "16"]
[SourceTitle "CBM 084"]
[Source "ChessBase"]
[SourceDate "2001.09.13"]
[SourceVersion "1"]
[SourceVersionDate "2001.09.13"]
[SourceQuality "1"]

1. d4 d5 2. c4 c6 3. Nf3 Nf6 4. Nc3 dxc4 5. a4 Bf5 6. Ne5 Nbd7 7. Nxc4 Nb6 {
'!?' Atalik. Atalik: 'An interesting line.'} 8. Ne5 a5 9. f3 Nfd7 10. Nxd7 (10.
e4 {lohnt einen Versuch:} Nxe5 11. exf5 (11. dxe5 Be6 {führt zu unklarem Spiel,
doch sieht die Stellung für Schwarz nicht übel aus.}) 11... Nec4 12. Qb3 (12.
d5 cxd5 13. Nxd5 e6 14. Bxc4 Nxc4 15. fxe6 fxe6 {could only be dangerous for
white.}) 12... Nd6 13. Bd3 g6 14. fxg6 hxg6 15. Bf4 {Weiß hat die Initiative,
auch wenn Schwarz über die gesündere Bauernstruktur verfügt:} e6 {usw.}) 10...
Nxd7 ({Passiver ist} 10... Bxd7 11. e4 e6 (11... e5 $6 12. Be3 {führt zum
Vorteil für Weiß.}) 12. Bf4 {usw.}) 11. e4 Bg6 12. Be3 {Dies ist natürlich
eine solider Fortsetzung. Einige Male wurde Atalik: 'It is very difficult to
prove an edge for white.'} (12. d5 {versucht; auch dieser Zug verspricht kaum
mehr als gleiches Spiel:} e5 13. dxe6 (13. Be3 {verspricht nicht mehr:} Bb4 14.
dxc6 bxc6 15. Bc4 O-O 16. O-O Qe7 17. Qe2 Rab8 $15 {0-1 Gruenenwald,J-Huebner,
R/SWZ 1994/EXT 2000 (50). (50)}) 13... fxe6 14. Qb3 (14. Be3 Bc5 15. Bxc5 Nxc5
16. Bc4 Qxd1+ 17. Kxd1 Rd8+ 18. Kc2 Ke7 $11 {1-0 Miles,A-Kirov,N/Cappelle la
Grande 1994/TD (41). (40)}) 14... Nc5 15. Qc2 e5 $6 (15... Qh4+ 16. g3 Qf6 $11)
16. Be3 Bf7 17. Rd1 Qb6 18. Nb5 Rc8 19. Rd6 Bb3 20. Qc3 {1-0 Kozul,Z-Kirov,N/
Novi Sad 1992/CBM 29 ext (20).}) (12. h4 h5 (12... f6 $6 13. Bc4) 13. Be3 (13.
Bg5 $6 Qb6 14. Qd2 e5 15. dxe5 Nxe5 16. f4 (16. Be3 Bc5 17. Bxc5 Qxc5 18. O-O-O
Ke7 $1 $132) 16... f6 (16... Nd7 $2 17. Rd1 Nc5 18. f5 Bh7 19. Bc4 $16) (16...
Ng4 17. O-O-O $1 (17. Nd5 $2 cxd5 18. Bb5+ Qxb5 19. axb5 Bxe4 20. Rxa5 Rc8 $44)
17... Bc5 18. f5 Bh7 19. Qd7+ Kf8 20. Rd6 $3 Bxd6 (20... Be3+ 21. Bxe3 (21. Kb1
$4 Bxg5 22. hxg5 Ne5 $19) 21... Nxe3 22. Be2 $18) 21. Qxd6+ Kg8 22. Nd5 $18)
17. fxe5 fxg5 18. O-O-O (18. Qxg5 Bf7 (18... Rh6 $6 19. O-O-O $14) 19. O-O-O g6
20. Kb1 (20. Qf6 Bh6+ 21. Kb1 O-O 22. Rd7 Bg7 $1 (22... Ba2+ $6 23. Kxa2 Rxf6
24. exf6 $44) 23. Qd6 Qb3 $1 24. Bd3 Rae8 25. Bc2 Qb4 26. Rf1 Be6 $1 $17 27.
Rxf8+ (27. Rxg7+ Kxg7 28. Rxf8 Qxd6 29. exd6 Rxf8 $19) 27... Bxf8 28. Qxb4 axb4
$19) 20... Bh6 21. Qg3 Qe3 22. Qf3 Rf8 $1 $17) 18... Rd8 19. Qxg5 Rxd1+ 20.
Kxd1 Bf7 $36) 13... Qb6 14. Qd2 e5 15. O-O-O (15. dxe5 Bc5 16. Bxc5 Nxc5 $44)
15... O-O-O (15... exd4 $2 16. Qxd4 (16. Bxd4 $2 Nc5 17. Bc4 Qb4 $1) 16... Qc7
17. Kb1 $1) 16. g3 exd4 17. Bxd4 Bc5 18. Bh3 Bxd4 19. Qxd4 Qxd4 20. Rxd4 Kc7
21. Bxd7 Rxd7 22. Rxd7+ Kxd7 23. Rd1+ (23. Kc2 f5 24. Kd3) 23... Ke7 24. Ne2 f6
25. Kc2 Bf7 26. Kc3 $11) 12... Qb6 (12... e6 {genügt ebenfalls zum Ausgleich:}
13. Be2 (13. Bc4 Bb4 14. O-O O-O 15. Qb3 Qc7 16. Rac1 Rad8 17. Kh1 Kh8 18. f4
$6 Bxc3 19. f5 exf5 20. bxc3 fxe4 21. Bf4 Qb6 $17 {Rogozenko,D-Kuporosov,V,
Muenster op 1995 (remis, 43).}) 13... Bb4 14. O-O O-O 15. Qb3 Qc7 $11 {0-1
Adianto,U-Short,N/Jakarta 1996/CBM 51/[Short] (50). (50)}) 13. Qd2 e5 14. h4 {
Dies ist stärker als 'N!?' Atalik.} (14. dxe5 Bc5 15. Bxc5 Nxc5 (15... Qxc5 16.
f4 Qb4 $5 (16... O-O-O {I.Sokolov} 17. Rc1 Nxe5 18. Nd5 Qa7 19. fxe5 Kb8 $17 (
19... Bxe4 20. Ne7+ Kb8 21. Qf4))) 16. Bc4 (16. Qd6 $1 {Ivan's idea which he
also mentioned in Informant number 81 as it is winning for white.} Qxb2 17. Nd5
Qxa1+ 18. Kf2 Qb2+ 19. Kg3 cxd5 (19... Nxe4+ $2 20. fxe4 Qb3+ 21. Kf2 cxd5 22.
Bb5+ Qxb5 23. axb5 Bxe4 24. Rc1 Rd8 25. Qa3 Kd7 26. Qh3+ $18) 20. Bb5+ Qxb5 21.
axb5 Ne6 22. exd5 Rd8 23. Qb6 Rxd5 24. Qxb7 Rd7 25. Qa8+ Rd8 (25... Ke7 $2 26.
Qxh8 Rd8 27. Qxd8+ Nxd8 28. Ra1 Nb7 29. Rc1 Ke6 30. Rc7 Nd8 31. b6 Kxe5 32. b7
Nxb7 33. Rxb7 a4 34. Ra7 Bc2 35. Rxf7 $18) 26. Qc6+ Ke7 $13) 16... Rd8 17. Qf2
$2 (17. Qc2 $5) 17... Qb4 18. Qe2 Rd4 19. Ba2 Bxe4 $19 {0-1 Knechtel,R-Stumpf,
H/Bayern 1997/EXT 99 (50). (50)}) (14. O-O-O O-O-O (14... exd4 15. Qxd4 Nc5 16.
Qe5+) 15. dxe5 Bc5 16. Bg5 f6 17. exf6 gxf6 18. Bh6 Ne5) 14... exd4 15. Bxd4
Bc5 16. O-O-O ({Zu wilden Verwicklungen führt die Fortsetzung} 16. Bxg7 {
zum Beispiel:} Be3 (16... Rg8 17. Bh6 O-O-O 18. O-O-O Ne5) 17. Qe2 Rg8 18. Nd1
Bf4 19. Bc3 Nc5 ({Nach} 19... Bg3+ 20. Nf2 O-O-O 21. Rh3 Bh5 22. Rxg3 Rxg3 23.
Nh1 Rgg8 24. g4 {dürfte Schwarz nicht genügend Kompensation für die
Materialeinbuße erhalten.}) 20. Rh3 O-O-O 21. Qf2 f5 {Vertrauenerweckend sieht
dies für Weiß nicht aus; der Textzug führt zum Ausgleich.}) (16. Bxc5 Nxc5 (
16... Qxc5 17. h5 Bxh5 18. Rc1 Bg6 19. Nb5 Qb6 (19... Qe5 20. Nd6+ Ke7 21. Rd1
Qg3+ 22. Ke2 $13) 20. Nd6+ Ke7 21. f4 f6 22. f5 Be8 $1 $15 {I.Sokolov}) 17. Rd1
{sollte ebenfalls zu gleichem Spiel genügen.} (17. h5 Nb3 18. Qd6 (18. Qd1 Nxa1
(18... Rd8 19. Nd5 Rxd5 20. exd5 Nxa1 21. hxg6 $13) 19. Qxa1 Qe3+ 20. Be2 O-O-O
$15) 18... Qe3+ 19. Be2 Nxa1 20. hxg6 (20. Nd5 $2 cxd5 21. Kf1 Qc1+ 22. Kf2
Qxb2 23. hxg6 Rd8 $19) 20... Rd8 $1 (20... Nc2+ 21. Kf1 Qc1+ 22. Kf2 Qxh1 23.
gxf7+ Kxf7 24. Bc4+ Ke8 25. Qe6+ Kd8 26. Qd6+ Ke8 $11) 21. Qe5+ Kd7 $1 (21...
Kf8 22. Qc7) 22. Qf5+ Kc7 23. Qxa5+ Kb8 24. Qe5+ Kc8 25. Qf5+ Rd7 26. gxf7 Rf8
$17 {Once again Ivan' analysis.})) 16... O-O-O 17. g3 f6 (17... Bxd4 $5 18.
Qxd4 Qxd4 19. Rxd4 f6 20. h5 Bf7 21. h6 g6 22. Bh3 Kc7 {is almost like in the
game.}) 18. Bh3 Bxd4 19. Qxd4 Qxd4 20. Rxd4 Kc7 21. Rxd7+ Rxd7 22. Bxd7 Kxd7 {
'=' Atalik.} {Atalik: Of course during the tournament I was able to spoil
especially this kind of positions.This is objectively a drawish position
however white has to prove that it is a draw.} 23. h5 $6 {Damit schafft sich
Weiß meines Erachtens nur Schwächen. '?' Atalik.} (23. Kc2 Bf7 (23... Ke7 24.
Rb1 $1 Rd8 (24... f5 $6 25. b4 fxe4 26. fxe4 axb4 27. Rxb4 Rb8 28. a5 $16) 25.
b4 axb4 26. Rxb4 Rd7 27. a5 f5 28. g4 $1 fxg4 29. fxg4 h6 30. h5 Bh7 31. Na4
Kd6 32. Rd4+ Kc7 33. Rxd7+ Kxd7 34. Kd3) 24. Rb1 {nebst b2-b4 führt zum
Ausgleich.}) 23... Bf7 24. h6 g6 {'?' Atalik.} ({Auf} 24... g5 {kann} 25. e5 {
geschehen.} (25. Kc2 Ke7 26. Rb1 (26. Rd1 Rd8 27. Rxd8 Kxd8 28. Ne2 Kd7) 26...
Rd8 27. b4 Bc4 28. Rb2 Bd3+ 29. Kc1 axb4 30. Rxb4 Ba6 31. Kc2 Kf7 $17 {and the
pawn falls.})) 25. Kc2 Ke7 26. e5 {'?' Atalik. Atalik: 'Once again white
throws the game into black's hands.'} (26. Rb1 Rd8 27. b4 Bc4 28. Rb2 axb4 (
28... b6 29. bxa5 bxa5 30. Rb7+ Rd7 31. Rxd7+ Kxd7 32. f4 Kd6 33. Nd1 $132) 29.
Rxb4 Ba6 30. a5 $11) 26... g5 $1 ({Die Folge} 26... fxe5 27. Re1 Bd5 28. f4 {
bietet dem Schwarzen keine Gewinnaussichten.}) 27. exf6+ (27. Ne4 fxe5 28. Nxg5
Bg6+ 29. Kc3 Rd8 $17) 27... Kxf6 28. Rd1 ({Nach} 28. Ne4+ Kg6 29. Nd6 Bd5 30.
Nxb7 g4 {schwebt Weiß in Lebensgefahr.} 31. Nxa5 gxf3 $17 {leads also to a bad
position since Pf3 is very strong.}) 28... Bg6+ 29. Kb3 Ke7 30. f4 $2 {Das
sieht ganz falsch aus. Atalik: 'Losing the resiliency.'} (30. Re1+ Kd6 (30...
Kf6 31. Rd1) 31. Kc4 (31. Ne4+ Bxe4 32. Rxe4 Rf8 33. Rd4+ Ke6 (33... Kc5 34.
Rd7 Rxf3+ 35. Ka2 $1 b6 36. Rxh7 Rxg3 37. Rg7 $11) (33... Kc7 34. f4 gxf4 35.
Rxf4 Rxf4 (35... Rg8 $2 36. Rf7+ Kb6 37. Rg7 Rf8 38. Rxh7 Rf3+ 39. Kc4 Rxg3 40.
Rg7 Rh3 41. h7 $18) 36. gxf4 Kd6 $1 (36... b5 $2 37. Ka2 $3 (37. axb5 $2 cxb5
38. Kc3 Kc6 39. Kd4 a4 40. f5 b4 41. Kc4 a3 42. bxa3 bxa3 43. Kb3 Kd6 44. Kxa3
Ke5 $11) 37... b4 (37... Kd6 38. b4 $18) (37... bxa4 38. Ka3 Kd6 39. Kxa4 Ke6
40. Kxa5 $18) 38. Kb3 $18) 37. Kc4 b6 38. Kd4 Ke6 39. Ke4 Kf6 40. f5 b5 41. b3
(41. axb5 cxb5 42. Kd5 Kxf5 43. Kc5 b4 44. Kb5 Kg6 45. Kxa5 b3 46. Kb4 Kxh6 47.
Kxb3 Kg5 48. Kc4 $11) 41... b4 (41... bxa4 42. bxa4 Kf7 43. Ke5 Ke7 44. f6+ Kf7
45. Kd6 Kxf6 46. Kxc6 Kg6 47. Kb5 Kxh6 48. Kxa5 Kg5 49. Kb5 h5 50. a5 $18) 42.
Kf4 $1 c5 43. Ke4 c4 44. bxc4 b3 45. Kd3 Kxf5 46. Kc3 Ke5 47. Kb2 Ke4 48. Kc3
Ke5 $11) 34. Re4+ Kf6 35. Kc4 Kg6 (35... b6 $2 36. Kd3 Kg6 37. Re6+ Rf6 38.
Rxf6+ Kxf6 39. Ke4 {is even better for white.}) 36. Re6+ Kh5 37. g4+ Kh4 38.
Re7 b6 39. Rxh7 Rf4+ 40. Kd3 Rxf3+ 41. Ke4 Kxg4 42. Rc7 Rf6 43. h7 Re6+ 44. Kd3
Rh6 45. Rxc6 Rxh7 46. Rxb6 $11) 31... Rf8 32. Rf1 Rf6 33. Kd4 {sollte eine für
Weiß haltbare Stellung ergeben.}) (30. Kc4 Rf8 31. Re1+ Kd6 32. Rf1 {kommt auf
dasselbe hinaus.}) 30... gxf4 31. gxf4 Rf8 32. Rf1 Rf6 {'-+' Atalik.} 33. Kc4
b6 34. Kd4 Rd6+ 35. Ke5 Re6+ 36. Kd4 Kf6 37. Rf2 Rd6+ 38. Ke3 Rd3+ 39. Ke2 Rh3
40. Kf1 Rxh6 41. Rd2 Ke7 42. Ne2 Be4 43. Kf2 Rh2+ (43... Rd6 $1 {Black has
even a more beautiful win.} 44. Nd4 c5 45. Ke3 Rxd4 46. Rxd4 cxd4+ 47. Kxe4 Kf6
48. Kxd4 Kf5 49. Ke3 h5 50. Kf3 h4 51. b3 h3 52. Kg3 h2 53. Kxh2 Kxf4 $19) 44.
Ke3 Bd5 45. Rd1 Rh3+ 46. Kd4 (46. Kd4 Kd6 $1 (46... Rb3 $6 47. Nc3 Rxb2 48.
Nxd5+ cxd5 49. Kxd5 Kf6 50. Rh1 Rb4 51. Kc6 $132) 47. Rd3 Rxd3+ 48. Kxd3 Bb3
49. Nc3 h5 50. Ke4 h4 51. Kf3 Be6 52. Ne4+ Kd5 $19) 0-1

[Event "Bundesliga 0203"]
[Site "Germany"]
[Date "2002.12.15"]
[Round "6.5"]
[White "Schenk, Andreas"]
[Black "Teske, Henrik"]
[Result "0-1"]
[WhiteElo "2479"]
[BlackElo "2527"]
[Annotator "Huebner,R"]
[PlyCount "36"]
[EventDate "2002.10.19"]
[EventType "team-tourn"]
[EventRounds "15"]
[EventCountry "GER"]
[SourceTitle "CBM 093"]
[Source "ChessBase"]
[SourceDate "2003.04.01"]
[SourceVersion "1"]
[SourceVersionDate "2003.04.01"]
[SourceQuality "1"]
[WhiteTeam "Baden Oos"]
[BlackTeam "Tegernsee"]
[WhiteTeamCountry "GER"]
[BlackTeamCountry "GER"]

1. d4 d5 2. c4 c6 3. Nc3 Nf6 4. Nf3 dxc4 5. a4 Bf5 6. Ne5 Nbd7 7. Nxc4 Qc7 8.
g3 e5 9. dxe5 Nxe5 10. Bf4 Nfd7 11. Bg2 f6 12. O-O Nc5 13. b4 $6 {Das ist
verfrüht; es mangelt den Figuren des Weißen an Koordination für dieses scharfe
Vorgehen.} (13. e4 Bg6 (13... Be6 {Ftacnik} 14. Nxe5 (14. Bxe5 fxe5 15. Qh5+ g6
16. Qxe5 Qxe5 17. Nxe5 Bg7 18. f4 Bxe5 19. fxe5 Nd7 $11) 14... fxe5 15. Qh5+
Qf7 16. Qxf7+ Bxf7 17. Bxe5 Nd3 18. Bd4 $14) 14. Bxe5 fxe5 15. f4 Rd8 (15...
exf4 {Ftacnik} 16. gxf4 Be7 17. Qe2 (17. Ne5 Qb6 18. a5 (18. Kh1 Qxb2 19. Nxg6
hxg6 $17) 18... Qxb2 $17) 17... Rd8 18. Rad1 Rxd1 19. Qxd1 $11) 16. Qg4 Nd3 17.
Kh1 exf4 18. gxf4 Bc5 19. Qg3 (19. f5 Bf7 20. e5 {Weiß bekämpft die Idee des
Schwarzen mit äußerster Schärfe, aber der Springer auf d3 hindert ihn daran,
die nötige Koordination seiner Figuren herzustellen. Er bricht jetzt
erstaunlich schnell zusammen.} Bxc4 21. f6 $6 (21. Qxc4 Qxe5 22. Ne4 {leistete
zäheren Widerstand.} (22. Qe6+ Qxe6 23. fxe6 Nf2+ 24. Kg1 Rd2 $19) 22... Be7
$19) (21. e6 {Ftacnik} Ne5 22. Qh5+ Kf8 23. Rfd1 Bd4 $19) 21... Qxe5 22. Rf5
Qe6 23. fxg7 Rg8 24. Qh5+ Qg6 25. Qe2+ Be7 26. Rf8+ Rxf8 27. gxf8=Q+ Kxf8 28.
Be4 Qf7 {0-1 Sakaev,K-Morozevich,A/Kishinev 1998/CBM 64/[Huebner,R] (28)})
19... O-O 20. Ne2 ({Auch die Fortsetzung} 20. Rad1 Bf7 21. Rxd3 Bxc4 22. Rxd8
Rxd8 {führt zu keiner angenehmen Stellung für Weiß, scheint mir aber der
Textfortsetzung vorzuziehen.}) ({Ganz schwach ist} 20. f5 Qxg3 21. hxg3 Bf7 {
, und Schwarz gewinnt.}) (20. e5 Rd4 {ist ebenfalls nicht spielbar für Weiß.})
20... Bf7 (20... Bh5 21. Bf3 Bf7 22. Ne5 Nxe5 23. fxe5 Qe7 {sieht viel
präziser aus; Weiß steht auf Verlust.}) 21. b3 ({Die Fortsetzung} 21. Ne5 Nxe5
22. fxe5 Qe7 {sieht hoffnungslos für Weiß aus.}) ({Die Stellung, die nach} 21.
Ne3 Bh5 22. Bf3 Bxe3 23. Bxh5 Bxf4 24. Nxf4 Rxf4 25. Rf3 Qe5 {entsteht, gibt
dem Weißen auch nicht zu Optimismus Anlaß}) 21... b5 22. axb5 cxb5 23. Ne3 (23.
Ne5 Nxe5 24. fxe5 Qe7 {führt zu einer schon besprochenen Art von Stellung;
Weiß steht scheußlich.}) 23... Qb6 (23... Bh5 24. Bf3 Bxe3 25. Bxh5 Bxf4 26.
Nxf4 Rxf4 (26... Nxf4 27. Bg4 {mit der Drohung 28.Lf5 ist weniger wirksam.})
27. Rf3 Qe5 28. Rxa7 Qd4 {war wohl stärker.}) 24. Rf3 (24. Nd5 Bxd5 (24... Nf2+
25. Qxf2 Bxf2 26. Nxb6 Bxb6 {ist ebenfalls stark.}) 25. Qxd3 Bc4 26. Qc2 Bd3 {
ist auch sehr unbequem für Weiß.}) 24... Bh5 25. Nf5 Qf6 ({Der Versuch} 25...
Nf2+ 26. Rxf2 Rxf5 27. Rff1 Bxe2 28. exf5 Bxf1 29. Rxf1 {gibt dem Schwarzen
nur einen sehr geringfügigen Vorteil.}) 26. Ra6 Qb2 27. Ra2 Qb1+ (27... Nf2+
28. Rxf2 (28. Qxf2 Bxf2 29. Rxb2 Rd1+ $19) 28... Bxf2 29. Rxb2 Rd1+ 30. Bf1
Rxf1+ 31. Kg2 Bxg3 32. Nexg3 Rxf4 33. Nxh5 Rxe4 {hat er noch stets ein
vorteilhaftes Endspiel, obwohl Weiß sich halten können sollte.}) 28. Rf1 Nf2+
29. Qxf2 Qxa2 30. Qxc5 Bxe2 ({Nötig war} 30... Rxf5 31. Qxf5 (31. exf5 Qxe2 $11
) 31... Qxe2 {mit etwa gleichem Spiel. Nach dem Textzug ist Schwarz verloren.})
31. Qe7 Rxf5 (31... Qb2 32. e5 Rxf5 33. Qxd8+ Kf7 34. Rg1 {führt zu baldigem
Matt.}) 32. exf5 Qd2 33. f6 gxf6 34. Rg1 Bg4 35. Bf3 {1-0 Rychagov,A-Skatchkov,
P/Moscow 1999/CBM 70/[Huebner,R] (35).}) (13. Nxe5 fxe5 14. Be3 Rd8 15. Qe1 Be7
16. Rd1 {führt zu gleichem Spiel.}) (13. Ne3 {Ftacnik} Bg6 $1 (13... Rd8 14.
Ncd5 Qd7 15. Nxf5 Qxf5 16. Ne3 $14 (16. Nc7+ Ke7 17. Qe1 $40)) (13... Be6 14.
b4 Rd8 15. Qb1 $16) 14. b4 Ne6 $13) 13... Rd8 14. Qc1 $2 ({Nach} 14. Qe1 Nb3
15. Rd1 Bxb4 16. Nxe5 fxe5 17. Nb5 Qe7 18. Rxd8+ Kxd8 19. Qd1+ {hat Weiß noch
gute Überlebensaussichten.}) 14... Nb3 15. Qe3 Nxa1 16. Rxa1 (16. Nxe5 fxe5 17.
Bxe5 Nc2 18. Bxc7+ Nxe3 19. fxe3 Rd7 {ist ebenfalls hoffnungslos für Weiß.})
16... Bxb4 17. Nxe5 fxe5 18. Bxe5 Qe7 0-1

[Event "Astana"]
[Site "Astana"]
[Date "2001.05.29"]
[Round "8"]
[White "Kasparov, Garry"]
[Black "Morozevich, Alexander"]
[Result "1/2-1/2"]
[WhiteElo "2827"]
[BlackElo "2749"]
[Annotator "Huebner,R"]
[PlyCount "86"]
[EventDate "2001.05.20"]
[EventType "tourn"]
[EventRounds "10"]
[EventCountry "KAZ"]
[EventCategory "20"]
[SourceTitle "CBM 084"]
[Source "ChessBase"]
[SourceDate "2001.09.13"]
[SourceVersion "1"]
[SourceVersionDate "2001.09.13"]
[SourceQuality "1"]

1. d4 {Ftacnik} d5 2. c4 c6 3. Nf3 Nf6 4. Nc3 dxc4 5. a4 Bf5 6. Ne5 Nbd7 7.
Nxc4 Nd5 8. g3 {Erwägenswert ist die Fortsetzung} (8. f3 e5 9. e4 Nxc3 10. bxc3
Be6 11. Rb1 {mit bequemerem Spiel für weiß.}) 8... e5 9. Bg2 (9. Nxd5 {bringt
dem Weißen sicher keinen Vorteil:} Be4 10. f3 Bxd5 11. Nxe5 ({vorteilhaft für
Schwarz ist die Folge} 11. e4 Bxc4 12. Bxc4 Nb6) 11... Qe7 12. Nxd7 (12. Bf4
Nxe5 13. dxe5 g5 14. Bd2 Bg7 15. e4 Bxe5 {mit gutem Spiel für Schwarz, denn}
16. exd5 {scheitert an} Bxg3#) 12... Bxf3 13. Rg1 Kxd7 14. Bh3+ Kd8 (14... Ke8
{wird mit} 15. Ra3 {beantwortet}) 15. Rf1 Bd5 {usw.}) (9. dxe5 Nxc3 10. bxc3
Nc5 {verspricht dem Weißen ebenfalls keinen Vorteil.}) 9... exd4 {Ftacnik:
'Morozevich has prepared the novelty for Kasparov in a lesser popular
variation.'} (9... Nxc3 {Ftacnik} 10. bxc3 exd4 11. Qxd4 Nc5 12. Qe3+ Ne6 13.
a5 Bc2 14. Ba3 Bxa3 15. Nxa3 Bb3 16. a6 Bd5 17. axb7 Rb8 18. f3 c5 19. O-O Rxb7
20. Rfd1 $14 {0-1 Kramnik,V-Morozevich,A/Wijk aan Zee/2001/ (61)}) 10. Qxd4 ({
Die Folge} 10. Nxd5 cxd5 11. Bxd5 Nc5 {führt offenbar zu bequemem Spiel für
Schwarz:} 12. Qxd4 {scheitert an} Be6 13. e4 Nb3) 10... Qf6 11. Qxf6 N7xf6 12.
Nxd5 cxd5 (12... Nxd5 {Ftacnik} 13. e4 Nb4 14. exf5 Nc2+ 15. Kd2 Nxa1 16. Kc3
a5 17. b3 $14) 13. Ne3 Be6 ({Ebenfalls zum Ausgleich führt} 13... Be4 14. f3
Bg6 15. Bh3 d4 16. Nf5 Rd8 17. Bd2 Rd5 18. e4 dxe3 19. Nxe3 Rd4) 14. O-O Bc5 (
14... O-O-O {kommt in Betracht.}) 15. Rd1 O-O {'!?' Ftacnik. Ftacnik: 'Black
wins the tempo with a temporary pawn sacrifice, but will have to give it back
in the form of fight for the restoration of the material balance.'} (15...
O-O-O 16. Nc2 {führt zu leichtem Druck für Weiß. Mit dem Textzug nimmt Schwarz
alle Dynamik aus der Stellung, beschränkt sich aber auf eine passive Haltung
für den Rest der Partie.}) (15... d4 {Ftacnik} 16. Bxb7 Rb8 17. Bc6+ Ke7 18.
Ng2 (18. Nc2 $2 {Ftacnik} Bb3 19. Rd2 Rhc8 $44) 18... Bb3 19. Rf1 Rhc8 (19...
Rb6 {Ftacnik} 20. Bb5 a6 21. Bd3) 20. Bb5 $14) (15... Rd8 {Ftacnik} 16. Nc2 O-O
17. b4 $14) 16. Nxd5 Nxd5 17. Bxd5 Rad8 18. e4 Bxd5 19. exd5 Rd7 (19... Rfe8 {
Ftacnik} 20. Bg5 (20. Kf1 {Ftacnik} Re5) 20... f6 21. Rac1 $1 b6 (21... Bxf2+
$2 {Ftacnik} 22. Kxf2 fxg5 23. Rc7 Rf8+ 24. Ke3 Rf7 25. d6 $1 Rfd7 26. Rxd7
Rxd7 27. Ke4 $16) 22. Be3 Rxe3 $5 23. b4 $1 Ra3 24. bxc5 bxc5 25. Rxc5 Rxa4 26.
Rc7 $14) 20. Rb1 (20. Be3 {Ftacnik} Bxe3 21. fxe3 Rfd8 22. Rac1 (22. e4 {
Ftacnik} f5 23. exf5 Rxd5 24. Rxd5 Rxd5 25. g4 Rd2 $11) 22... f5 23. Rc5 b6 24.
Rb5 Kf7 $14) 20... a5 (20... Rfd8 {Ftacnik} 21. b4 Bf8 22. Be3 b6 (22... a6 $2
{Ftacnik} 23. Bb6 $18) 23. b5 $1 (23. a5 {Ftacnik} bxa5 24. bxa5 Rxd5 25. Rxd5
Rxd5 26. a6 Ra5 27. Rb8 f5 28. Bxa7 Rxa6 29. Bc5 Rf6 $11) 23... Rxd5 24. Rxd5
Rxd5 25. Rc1 Bc5 (25... Rd7 {Ftacnik} 26. Rc8 f6 27. a5 Rd5 $1 (27... bxa5 $2 {
Ftacnik} 28. Bc5 Rf7 29. Ra8 g5 30. Bxa7 $18) 28. a6 (28. Bxb6 {Ftacnik} Rxb5
$1) 28... Rxb5 29. Ra8 Ra5 30. Rxa7 Bc5 $11) 26. Bxc5 bxc5 27. a5 Kf8 28. a6 $1
(28. b6 {Ftacnik} axb6 29. axb6 Rd6 30. Rb1 Rd8 31. Kf1) 28... Ke7 29. Kf1 Kd7
$140 $2 30. b6 $1 $18) 21. d6 $6 {'!?' Ftacnik.} ({Mit der Fortsetzung} 21. Be3
Bxe3 22. fxe3 Re8 (22... Rfd8 {Ftacnik} 23. Rbc1 f5 24. Rc5 b6 25. Rb5 Rd6 $11)
23. Rbc1 f5 24. Kf2 {konnte Weiß seinen Mehrbauern zunächst behalten und den
Schwarzen zu aufmerksamer und geduldiger Verteidigung zwingen.}) (21. Bd2 {
Ftacnik} Rxd5 22. Bxa5 Bxf2+ $1 23. Kxf2 Rxa5 $11) 21... Rfd8 (21... Rxd6 {
Ftacnik} 22. Rxd6 Bxd6 23. Be3 Rc8 24. Rd1 Be5 25. Rd5 (25. b3 $14 {Ftacnik})
25... Bxb2 26. Rxa5 Kf8 27. Rb5 Bc1 28. Rxb7 Bxe3 29. fxe3 Rc2 $11) 22. Rd5 b6
(22... Bxd6 $6 {Ftacnik} 23. Rxa5 Bc7 24. Rb5 Rd1+ 25. Kg2 b6 26. b3 $16) 23.
Bf4 f6 24. Rbd1 Kf7 25. Kg2 Ke6 {Ftacnik: 'All black pieces are attacking d6
pawn, white's last chance is hidden in the pawn ending.'} 26. Kf3 g6 (26...
Bxd6 {Ftacnik} 27. Be3 Bc7 28. Rxd7 Rxd7 29. Rc1 $14) 27. g4 Bxd6 28. h4 (28.
Be3 {Ftacnik} Bxh2 29. Rxd7 Rxd7 30. Rxd7 Kxd7 31. Bxb6 Bc7 $11) 28... Bxf4 29.
Rxd7 Rxd7 30. Rxd7 Kxd7 31. Kxf4 Kd6 32. Ke4 Kc5 33. f4 {Weiß kann das
Bauernendspile soeben remis halten.} (33. g5 {ist falsch:} fxg5 34. hxg5 Kb4 (
34... Kc4 35. Ke5 Kb3 36. Kf6 Kxa4 37. Kg7 Kb3 38. Kxh7 Kxb2 39. Kxg6 a4 40.
Kf5 a3 41. g6 a2 42. g7 a1=Q 43. g8=Q {führt zum Unentschieden.}) 35. Kd5 ({
Nach} 35. Ke5 Kxa4 {hat Weiß im Vergleich zur vorigen Klammeranmerkung ein
Tempo weniger und verliert.}) 35... Kb3 (35... b5 36. b3 bxa4 37. bxa4 Kxa4 38.
Kc4 Ka3 39. Kc3 a4 40. f3 Ka2 41. Kc2 a3 42. f4 {ergibt remis.}) 36. Kc6 Kxa4
37. Kxb6 Kb4 38. Ka6 a4 39. Kb6 Kb3 40. Kb5 Kxb2 41. Kxa4 Kc3 {, und Schwarz
gewinnt.}) 33... Kb4 34. f5 {Ftacnik: 'Kasparov omitts very interesting move
34.Kd5!, Morozevich would have to defend quite exactly.'} (34. Kd5 $1 {Ftacnik}
Kb3 (34... Kxa4 $2 {Ftacnik} 35. Kc4 b5+ 36. Kc3 b4+ (36... h5 {Ftacnik} 37. f5
$1) 37. Kc4 b3 38. Kc5 $1 h6 (38... f5 {Ftacnik} 39. g5 h5 40. gxh6 g5 41. h7
$18) 39. g5 fxg5 40. h5 gxh5 41. f5 g4 42. Kd4 h4 43. Ke3 $18) 35. f5 gxf5 36.
gxf5 Kxa4 37. Ke6 Kb3 38. Kxf6 Kxb2 39. Kg5 a4 40. f6 a3 41. f7 a2 42. f8=Q
a1=Q 43. Qg7+ Ka2 44. Qa7+ Kb2 45. Qxb6+ Kc2 46. Qc7+ $14) 34... gxf5+ 35. Kxf5
(35. gxf5 {Ftacnik} Kxa4 36. Kd5 Kb3 37. Ke6 Kxb2 38. Kxf6 a4 39. Kg7 a3 40. f6
a2 41. f7 a1=Q 42. f8=Q $13) 35... Kxa4 36. Kxf6 Kb3 37. Kg7 Kxb2 38. Kxh7 a4
39. g5 a3 40. g6 a2 41. g7 a1=Q 42. g8=Q Qb1+ 43. Qg6 b5 1/2-1/2